| 000 | 00708mam a2200217 i 4500 | ||
|---|---|---|---|
| 082 | 0 | 0 |
_a940.40056 _bLAW |
| 100 | 1 |
_aLawrence, T. E. _949448 |
|
| 245 | 1 | 0 |
_aRevolt in the desert / _cT. E. Lawrence. |
| 260 |
_aGarden City, N.Y. : _bGarden City Pub. Co., _cc1927. |
||
| 300 |
_axii, [4], 335 p. : _bfront. (port.) fold. map ; _c22 cm. |
||
| 490 | 1 | _aStar series | |
| 500 | _aAt head of title: 'T.E. Lawrence.' | ||
| 500 | _aIllustrated lining-papers. | ||
| 500 | _aIncludes index. | ||
| 500 | _aOn title page: The Star series. | ||
| 526 |
_a0 _b0 _c0 _d940_400560000000000_LAW |
||
| 650 | 0 | _aArabs. | |
| 650 | 0 |
_aMCE _9379 |
|
| 650 | 0 |
_aWorld War, 1914-1918 _xCampaigns _zTurkey. _949449 |
|
| 942 |
_2ddc _cBK |
||
| 999 |
_c552221 _d552221 |
||